Estructura social de la argentina 1945-1983 /
Guardado en:
| Autor Principal: | |
|---|---|
| Formato: | Libro |
| Publicado: |
Buenos Aires :
De la Flor,
1992
|
| Materias: | |
| Etiquetas: |
Agregar Etiqueta
Sin Etiquetas, Sea el primero en etiquetar este registro!
|
| LEADER | 01420nam a22002175a 4500 | ||
|---|---|---|---|
| 001 | CEM.cems009877 | ||
| 005 | 20080710091019.0 | ||
| 008 | 130507s1992##################000#0#####d | ||
| 003 | CEMS | ||
| 020 | |a 9505153643 | ||
| 082 | 0 | 4 | |a 309.82 |
| 100 | 1 | |a Torrado, Susana | |
| 245 | 1 | 0 | |a Estructura social de la argentina 1945-1983 / |c Susana Torrado |
| 260 | |a Buenos Aires : |b De la Flor, |c 1992 | ||
| 300 | |a 556 p. | ||
| 500 | |a Red Federal de Formación Docente Continua | ||
| 505 | 0 | |a El marco teorico-metodológico -- Los instrumentos de análisis -- Los parámetros de evolución -- Parámetros demográficos: oferta y composición de la fuerza de trabajo -- La estructura social: 1945-1983 -- Otras precisiones conceptuales -- Estructura sectorial de la fuerza de trabajo -- Estructura social de la fuerza de trabajo total -- Estructural social de la fuerza de trabajo rural -- Estructura social de la fuerza de trabajo urbana --Disparidades regionales -- Salarios, ingresos y nivel de vida -- Movilidad social -- La estructura social en 1980 -- Estructura social de la fuerza de trabajo -- Clases sociales y condiciones de vida -- Disparidades regionales -- Modelos de acumulación y estructura social -- Balances sectoriales, sociales y de bienestar | |
| 653 | |a Historia económica argentina | ||
| 653 | |a Sociología | ||
| 653 | |a Sociología argentina | ||
| 859 | |a CEMS |b BIB. CEMS - 11 de abril |h 309.82 |i T634 |p 20190.99 |t Ej.1 | ||
